000 00536nam a22001817a 4500
005 20251108164732.0
008 250721s1983 xx 000 0 ara d
082 1 4 _a812.962/فوز
100 1 _aأحمد، فوزي فهمي
245 1 0 _aلعبة السلطان /
264 1 _aالقاهرة :
_bالهيئة المصرية العامة للكتاب،
_c1983.
300 _a149ص
490 0 _aمسرحيات عربية
650 1 7 _aالمسرحيات العربية
650 1 7 _aمصر
942 _2ddc
_cBK
999 _c13056
_d13056